| 000 | 01005nas a2200337 4500 | ||
|---|---|---|---|
| 001 | BR8204656 | ||
| 003 | BR-BrBNA | ||
| 005 | 20231205085222.0 | ||
| 007 | ta | ||
| 008 | 230509b bl.|||p| |||| 00| 00por d | ||
| 040 |
_aBR-BrBNA _bpor _cBiblioteca Nacional de Agricultura |
||
| 041 | _a(Pt) | ||
| 072 | _aP05; F25 | ||
| 100 | 1 | _aMorga, A.A. | |
| 100 | 1 | _aGalli, U.F. | |
| 100 | 1 | _aUstra, L.A.R. | |
| 100 | 1 | _aAlves, R.T. | |
| 245 | 1 | _aBiogas e biofertilizante a partir de residuos organicos [Rio Grande do Sul, Brasil] | |
| 650 | _aRECURSO ENERGETICO | ||
| 650 | _aFERTILIDADE DO SOLO | ||
| 650 | _aRESIDUO ORGANICO | ||
| 650 | _aMATERIA ORGANICA | ||
| 650 | _aFERMENTACAO ANAEROBICA | ||
| 650 | _aFERTILIZANTE | ||
| 650 | _aBIOGAS | ||
| 650 | _aADUBO ORGÂNICO | ||
| 650 | _aRIO GRANDE DO SUL | ||
| 773 | 0 |
_tLavoura Arrozeira (Brazil) _xISSN 0023-9143 _g(Sep 1982), v. 35(338) p. 6-8, 10-16, 18-22 _wBR8204656 |
|
| 909 |
_a202311 _bLúcia _c55 _dLúcia Elande |
||
| 942 |
_2AGRIS _n0 _cANA |
||
| 999 |
_c110060 _d110060 |
||